Guia de religioes populares do Brasil : (Record no. 110265)

MARC details
000 -LEADER
campo de control de longitud fija 01094cam a22003254a 4500
001 - NÚMERO DE CONTROL
campo de control 31917
005 - FECHA Y HORA DE LA ÚLTIMA TRANSACCIÓN
campo de control 20230411085954.0
008 - DATOS DE LONGITUD FIJA--INFORMACIÓN GENERAL
campo de control de longitud fija 041029s2002 bl a b 000 0 por c
035 ## - NÚMERO DE CONTROL DEL SISTEMA
Número de control de sistema (DLCov) 2004342719
035 ## - NÚMERO DE CONTROL DEL SISTEMA
Número de control de sistema 13846650
010 ## - NÚMERO DE CONTROL DE LA BIBLIOTECA DEL CONGRESO
Número de control de LC 2004342719
020 ## - NÚMERO INTERNACIONAL ESTÁNDAR DEL LIBRO
Número Internacional Estándar del Libro 8534702543
035 ## - NÚMERO DE CONTROL DEL SISTEMA
Número de control de sistema (OCoLC)ocm50910395
040 ## - FUENTE DE CATALOGACIÓN
Centro catalogador/agencia de origen LRU
Centro/agencia transcriptor LRU
Centro/agencia modificador DLC
042 ## - CÓDIGO DE AUTENTICACIÓN
Código de autenticación pcc
043 ## - CÓDIGO DE ÁREA GEOGRÁFICA
Código de área geográfica s-bl---
097 14 -
-- 103 BL 2590
-- G943 2002
245 00 - MENCIÓN DEL TÍTULO
Título Guia de religioes populares do Brasil :
Resto del título rezas, simbolos, santos, ancestrais, deuses afro-brasileiros, ciganos, historias /
Mención de responsabilidad, etc. Eneida Duarte Gaspar, org.
246 3# - FORMA VARIANTE DEL TITULO
Título propio/Titulo breve Religioes populares
260 ## - PUBLICACIÓN, DISTRIBUCIÓN, ETC.
Lugar de publicación, distribución, etc. Rio de Janeiro :
Nombre del editor, distribuidor, etc. Pallas,
Fecha de publicación, distribución, etc. c2002.
300 ## - DESCRIPCIÓN FÍSICA
Extensión 251, [5] p. :
Otras características físicas ill. ;
Dimensiones 23 cm.
500 ## - NOTA GENERAL
Nota general Based on: Anuario afro-brasileiro, published between 1996 and 1998.
504 ## - NOTA DE BIBLIOGRAFÍA, ETC.
Nota de bibliografía, etc. Includes bibliographical references (p. [253]).
651 #0 - PUNTO DE ACCESO ADICIONAL DE MATERIA--NOMBRE GEOGRÁFICO
Nombre geográfico Brazil
Subdivisión general Religion.
651 #0 - PUNTO DE ACCESO ADICIONAL DE MATERIA--NOMBRE GEOGRÁFICO
Nombre geográfico Brazil
Subdivisión general Religious life and customs.
700 1# - ENTRADA AGREGADA--NOMBRE PERSONAL
Nombre de persona Gaspar, Eneida Duarte.
925 0# -
-- acquire
-- 1 shelf copy
-- policy default
942 ## - ELEMENTOS DE ENTRADA SECUNDARIOS (KOHA)
Fuente del sistema de clasificación o colocación Clasificación de Library of Congress
Tipo de ítem Koha
985 ## -
-- ODE-rj
Holdings
Estatus retirado Estado de pérdida Fuente del sistema de clasificación o colocación Estado de daño No para préstamo Colección Biblioteca de origen Biblioteca actual Ubicación en estantería Fecha de adquisición Código de barras Visto por última vez Copia número Tipo de ítem Koha
    Clasificación de Library of Congress     Automatización y Procesos Técnicos Biblioteca Juan Bosch Biblioteca Juan Bosch Automatización y Procesos Técnicos (1er. Piso) 11/04/2023 00000033646 17/02/2019 1